Statistiques concernant Les plus grandes villes d'Amerique du Sud ● A-Z

Cliquez ici pour prendre le quiz!

Statistiques générales

  • Ce quiz a été pris 245 fois
  • Le résultat moyen est 7 sur 26

Statistiques - réponses

#PopulationVilles% Correct
R6, 476, 631Rio de Janeiro
94%
B7, 840, 116Bogota
93%
L9, 866, 627Lima
90%
S11, 967, 825Saõ Paulo
90%
C3, 289, 886Caracas
88%
Q2, 551, 721Quito
81%
M2, 214, 494Medellin
49%
F2, 591, 188Fortaleza
35%
P1, 476, 867Porto Alegre
35%
G2, 589, 229Guayaquil
27%
A869, 351Arequipa
18%
N869, 954Natal
11%
K28, 416Kourou
9%
V901, 900Valencia
9%
T822, 245Teresina
5%
J791, 438João Pessoa
4%
D882, 729Duque de Caxias
3%
E891, 434El Alto
2%
H364, 725Huancayo
2%
I523, 057Ibagué
2%
U662, 362Uberlândia
2%
W6, 000Wageningen
2%
O694, 844Osasco
1%
X47, 679Xanxerê
1%
Y120, 000Yaritagua
1%
Z138, 642Zaraza
1%

Distribution des résultats

Percentile par nombre de réponses

% des personnes avec chaque résultat

Votre développement - résultats

Vous n’avez pas pris ce quiz